000 00496cam a2200145 4500500
005 20260201143322.0
041 _afre
042 _adc
100 1 0 _aTadjo, Véronique
_eauthor
245 0 0 _aBarack Obama : les enjeux du métissage. Une approche de deux discours
260 _c2008.
500 _a66
786 0 _nPrésence Africaine | 178 | 2 | 2008-08-01 | p. 39-50 | 0032-7638
856 4 1 _uhttps://shs.cairn.info/revue-presence-africaine-2008-2-page-39?lang=fr&redirect-ssocas=7080
999 _c1642869
_d1642869